| 000 | 01095nam a22002417i 4500 | ||
|---|---|---|---|
| 999 |
_c22870 _d22870 |
||
| 003 | AR-CdUCM | ||
| 008 | 240507b20182018 pe||||| |||| 00| 0 spa d | ||
| 020 | _a978-612-00-3498-9 | ||
| 040 |
_aMUNICIPALIDAD PROVINCIAL DEL CUSCO _cBIBLIOTECA MUNICIPAL DEL CUSCO |
||
| 082 |
_a301.500985 / B12S _bB12S |
||
| 100 |
_aBaca Polanco, Amparo. _949719 |
||
| 245 |
_aSombreros y Tocados en el Perú : _bun encuentro con la identidad y diversidad cultural / |
||
| 260 |
_aLima : _c2018 |
||
| 300 |
_a198 páginas. : _c23 cm. |
||
| 500 | _zBibliografía: páginas 189 - 198 | ||
| 505 | _aLos tocados de ayer y hoy -- Los tocados en el antiguo Perú -- El arte amazónico y sus tocados -- Los tocados regionales contemporáneos -- El sombrero en la Colonia y República -- Sombreros regionales -- Artesanos sombrereros | ||
| 650 |
_aLa identidad a través de los sombreros, monteras y chullos _949720 |
||
| 650 |
_aLenguaje simbólico del sombrero _949721 |
||
| 650 |
_aConfección del sombrero _949722 |
||
| 700 |
_aPeralta Flores, Mirta _949723 |
||
| 942 |
_2ddc _cLIBROS |
||
| 945 |
_apbj _d2024-05-07 |
||